Score 0/24 Timer 03:00
0 Plays Today
% Correct
Good
94.6%
Travels
94.3%
Rock
93.8%
Desire
92.4%
Guys
90%
Blind
87.4%
Batman
86.9%
Lebowski
85.5%
Yuma
83.8%
Weeks
80.6%
Apollo
77.3%
Mystic
76.1%
% Correct
Tropic
72.7%
Waterfront
71.7%
Grit
71%
Apocalypse
70.8%
Kong
63.9%
Empire
61.8%
Public
57.1%
Fisher
47.4%
Practical
47.1%
Murder
43%
Things
42.5%
Heart
40.8%

Today's Daily Dose

Remove Ads.
Support Sporcle.
Get the best of Sporcle when you Go Orange. This ad-free experience offers more features, more stats, and more fun while also helping to support Sporcle. Thank you for becoming a member.

You're not logged in!

Compare scores with friends on all Sporcle quizzes.
OR
Log In

Show Comments

Extras

Top Quizzes Today


Score Distribution

Your Account Isn't Verified!

In order to create a playlist on Sporcle, you need to verify the email address you used during registration. Go to your Sporcle Settings to finish the process.

Report this User

Report this user for behavior that violates our Community Guidelines.

Details: